Les 10 rappeurs les plus écoutés en "Lil" - Statistiques

Statistiques générales
  • Ce quiz a été pris 67 fois
  • Le résultat moyen est 4 sur 10
Statistiques - réponses
Position Titre connu Réponse % Correct
1 A Milli Lil Wayne
82%
2 XO Tour Llif3 Lil Uzi Vert
75%
4 Gucci Gang Lil Pump
74%
8 Star Shopping Lil Peep
49%
3 drive ME crazy! Lil Yachty
29%
9 Betrayed Lil Xan
23%
7 Turn Down for What Lil Jon
12%
10 Nowadays Lil Skies
12%
6 Freaky Friday Lil Dicky
8%
5 Drank & Drugs Lil Kleine
5%
Aucun quiz correspondant
Distribution des résultats
% des personnes avec chaque résultat
Percentile par nombre de réponses
Votre historique - résultats
Vous n’avez pas pris ce quiz